000
00250nam a2200109Ia 4500
005
20251222114357.0
008
251222s1900||||xx |||||||||||||| ||spa||
082
_a
DVD0180/C28/2002
245
0
_a
Jamás morirás
264
_b
Original Film
942
_c
DVD
999
_c
1463
_d
1463